000 00859nam a2200301Ia 4500
001 63402
003 IT-RoPAU
008 130308s9999 xx 000 0 und d
040 _aIT-RoPAU
040 _cIT-RoPAU
041 _aINGLESE
100 _aDowling Jay W.
100 _gCodice Aut. SPICS: 18512
245 _aAttending to Hidden Melodies
245 _bEncyclopaedia Britannica-1988-Yearbook Of Science And The Future
250 _a1a ed.
260 _aCHICAGO (USA)
260 _bUniversity Of Chicago
260 _c1987 [1° Ed.:1987 - Ed.Ling.Originale:1987]
300 _a"12 p. (prefazione: no ; testo: 12 [pagine: 192-203])"
500 _aMelodie Sconosciute Scala Musicale
650 _aENCICLOPEDIE DI CULTURA GENERALE
650 _eCodice materia Spics: 1001
942 _cBK
957 _71
999 _c38316
_d38316
999 _bSI
999 _g1